| 000 | 01685cam a2200145 4500500 | ||
|---|---|---|---|
| 005 | 20251214004317.0 | ||
| 041 | _afre | ||
| 042 | _adc | ||
| 100 | 1 | 0 |
_aMüller, Raphaël _eauthor |
| 700 | 1 | 0 |
_aMuller, Raphaël _eauthor |
| 245 | 0 | 0 | _aLe livre français et ses lecteurs italiens : De l'achèvement de l'unité à la montée du fascisme |
| 260 |
_bArmand Colin,
_c2013. |
||
| 520 | _aDes années 1880 jusqu’à l’avènement du fascisme, le livre français remporte un immense succès dans l’Italie récemment unifiée. Lus en langue originale ou en traduction, les livres venus de France sont l’objet de toutes les attentions : du monde académique jusqu’aux publics populaires, en passant par la bourgeoisie cultivée et francophone, c’est l’ensemble des lecteurs italiens qui regardent de l’autre côté des Alpes. Mais si le succès est général, force est de constater que les pratiques de lecture sont fortement diversifiées. De Rome à Venise, en passant par Florence et bien sûr par Milan qui s’affirme comme capitale éditoriale et plaque tournante de l’importation littéraire, cet ouvrage retrace l’engouement italien pour les livres venus de France. Il s’interroge aussi sur l’émergence des concurrences allemandes et anglo-saxonnes et précise l’impact des lectures françaises des Italiens sur les relations entre les deux « sœurs latines ». En définitive ce livre tente de saisir les notes du parfum de France qui flottait sur l’Italie à la fin du XIXe siècle et au début du XXe siècle. | ||
| 856 | 4 | 1 | _uhttps://shs.cairn.info/le-livre-francais-et-ses-lecteurs-italiens--9782200287702?lang=fr&redirect-ssocas=7080 |
| 999 |
_c1568428 _d1568428 |
||